Studies on the thermal stability of natural rubber/polystyrene interpenetrating polymer networks: thermogravimetric analysis (Record no. 69740)

MARC details
000 -LEADER
fixed length control field 00579nam a2200181Ia 4500
100 ## - MAIN ENTRY--AUTHOR NAME
Personal name Mathew Aji P
245 #0 - TITLE STATEMENT
Title Studies on the thermal stability of natural rubber/polystyrene interpenetrating polymer networks: thermogravimetric analysis
260 ## - PUBLICATION, DISTRIBUTION, ETC. (IMPRINT)
Name of publisher Polymer Degradation and Stability
Year of publication 2001
300 ## - PHYSICAL DESCRIPTION
Number of Pages 423-439
650 ## - SUBJECT ADDED ENTRY--TOPICAL TERM
Topical Term Interpenetrating polmer networks
650 ## - SUBJECT ADDED ENTRY--TOPICAL TERM
Topical Term Natural rubber
650 ## - SUBJECT ADDED ENTRY--TOPICAL TERM
Topical Term Polystyrene
650 ## - SUBJECT ADDED ENTRY--TOPICAL TERM
Topical Term Thermal degradation
700 ## - ADDED ENTRY--PERSONAL NAME
Personal name Packirisamy S
700 ## - ADDED ENTRY--PERSONAL NAME
Personal name Sabu Thomas
942 ## - ADDED ENTRY ELEMENTS (KOHA)
Koha item type Journals
Holdings
Withdrawn status Lost status Damaged status Not for loan Home library Current library Shelving location Date acquired Serial Enumeration / chronology Koha item type
      Journals RRII Library RRII Library Rubber chemistry 17/12/2021 Volume 72, Issue 3 Journals